[Event "TAS-II-r1-j21"]
[Site "http://www.queenalice.com/game.php?id=157918"]
[Date "2007.1.23"]
[Round "-"]
[White "XCchessf"]
[Black "Savage_king"]
[Result "0-1"]
[WhiteElo "1213"]
[BlackElo "1902"]

1. d4 b5 2. e4 a6 3. Nf3 Bb7 4. Bd3 e6 5. O-O d5 6. e5 c5 7. c3 c4 8. Bc2 Nc6 9.
Bg5 Be7 10. Qd2 f6 11. exf6 Nxf6 12. Re1 Bc8 13. Qe2 O-O 14. Nbd2 h6 15. Bh4 b4
16. Ne5 Nxe5 17. dxe5 Nh7 18. Bg3 Qe8 19. cxb4 Bxb4 20. a3 Bc5 21. Rf1 Rb8 22.
b4 Bd4 23. Rab1 Bd7 24. Nf3 Ba7 25. Qd1 Qe7 26. Qd2 Bb5 27. Rfe1 Ng5 28. Nxg5
Qxg5 29. Qxg5 hxg5 30. a4 Bd7 31. Kf1 d4 32. f3 d3 33. Bd1 Bc5 34. Re4 c3 0-1

[Event "Amigo Secreto I"]
[Site "http://www.queenalice.com/game.php?id=196952"]
[Date "2007.4.14"]
[Round "2"]
[White "kligw"]
[Black "XCchessf"]
[Result "1-0"]
[WhiteElo "1944"]
[BlackElo "1213"]

1. e4 c5 2. Nf3 d6 3. d4 cxd4 4. Nxd4 Nf6 5. Nc3 e6 6. Bc4 Be7 7. Bb3 Nc6 8. Be3
a6 9. Qe2 Na5 10. O-O Nxb3 11. axb3 O-O 12. Kh1 e5 13. Nf3 Bg4 14. Bg5 Re8 15.
Bxf6 Bxf6 16. Nd5 1-0

[Event "TAS-II-r2-j16"]
[Site "http://www.queenalice.com/game.php?id=198696"]
[Date "2007.4.18"]
[Round "-"]
[White "PauloSantoro"]
[Black "XCchessf"]
[Result "1-0"]
[WhiteElo "1976"]
[BlackElo "1213"]

1. d4 d5 2. c4 e6 3. Nc3 Be7 4. Nf3 Nc6 5. Bf4 Nf6 6. e3 O-O 7. Bd3 Nb4 8. O-O
Nh5 9. Ne2 Nxd3 10. Qxd3 Nxf4 11. Nxf4 Bg5 12. Nxg5 Qxg5 13. cxd5 exd5 14. Rac1
c6 15. Qb3 a5 16. a4 Qd8 17. Nd3 Ra6 18. Nc5 Qb6 19. Rc3 Qxb3 20. Rxb3 Ra7 21.
Rc1 Re8 22. h3 f5 23. g4 fxg4 24. hxg4 Rf8 25. f4 h6 26. Kh2 Bxg4 27. Rxb7 Rxb7
28. Nxb7 Re8 29. Rc3 Rb8 30. Nxa5 Rxb2+ 31. Kg3 Bd7 32. Nxc6 Ra2 33. Ne7+ 1-0

[Event "1 e4 c5 2 Na3 *"]
[Site "http://www.queenalice.com/game.php?id=214763"]
[Date "2007.5.22"]
[Round "2"]
[White "XCchessf"]
[Black "jas70"]
[Result "0-1"]
[WhiteElo "1213"]
[BlackElo "1769"]

1. e4 c5 2. Na3 d5 3. exd5 Qxd5 4. Qf3 Nf6 5. Bc4 Qxf3 6. Nxf3 e6 7. O-O Bd6 8.
Nb5 Ke7 9. Nxd6 Kxd6 10. b4 Nc6 11. bxc5+ Ke7 12. d3 Rd8 13. Re1 Na5 14. Bb3 Kf8
15. Bg5 Ke7 16. Nh4 h6 17. Bxf6+ Kxf6 18. Nf3 Bd7 19. Rab1 Bc6 20. Re3 Rab8 21.
Ne5 Bd5 22. d4 Bxb3 23. cxb3 Rxd4 24. Kf1 Rbd8 25. Ke1 R4d5 26. b4 Nc6 0-1

[Event "TAS-II-r2-j21"]
[Site "http://www.queenalice.com/game.php?id=253930"]
[Date "2007.8.10"]
[Round "-"]
[White "XCchessf"]
[Black "CCapivara"]
[Result "0-1"]
[WhiteElo "1213"]
[BlackElo "2028"]

1. e4 d6 2. Nc3 c6 3. d4 Nf6 4. Bg5 Nbd7 5. Nf3 e5 6. dxe5 dxe5 7. Bxf6 Qxf6 8.
a3 Bc5 9. Qd2 O-O 10. Bc4 Bd4 11. O-O Nc5 12. Rfe1 Rd8 13. Qg5 Qxg5 14. Nxg5 Be6
15. Nxe6 Nxe6 16. Bxe6 fxe6 17. Nd1 Rd7 18. c3 Bb6 19. Kf1 Rad8 20. Ne3 Bxe3 21.
Rxe3 Rd1+ 22. Rxd1 Rxd1+ 23. Re1 Rd2 0-1

[Event "Let's Play Chess!"]
[Site "http://www.queenalice.com/game.php?id=365067"]
[Date "2008.3.3"]
[Round "-"]
[White "Maffu"]
[Black "XCchessf"]
[Result "0-1"]
[WhiteElo "1456"]
[BlackElo "1213"]

1. e4 c5 2. b4 cxb4 3. a3 d5 4. exd5 Qxd5 5. Bb2 e5 6. axb4 Bxb4 7. Na3 a6 8.
Nb5 Qd8 9. Bxe5 Kf8 10. Bc4 Nc6 11. Nf3 Bg4 12. Qb1 Bxf3 13. gxf3 Qxd2+ 14. Kf1
Nxe5 15. Qxb4+ Qxb4 0-1

[Event "Invitation"]
[Site "http://www.queenalice.com/game.php?id=429923"]
[Date "2008.7.8"]
[Round "-"]
[White "XCchessf"]
[Black "ocbruno"]
[Result "1-0"]
[WhiteElo "1241"]
[BlackElo "1816"]

1. e4 e5 2. Nf3 Nc6 3. Bb5 Bc5 4. Bxc6 bxc6 5. c3 d5 6. Qa4 Bb7 7. Nxe5 Ne7 8.
O-O f6 9. Nd3 Bd6 10. exd5 O-O 11. dxc6 Bxc6 12. Qa5 Bxh2+ 13. Kxh2 Qxd3 14. Kg1
Bb5 15. c4 Bxc4 16. Rd1 Nd5 17. Nc3 Nxc3 18. Qxc3 Qe2 19. Qf3 Qxf3 20. gxf3 Be2
21. Re1 Rfe8 22. f4 Bf3 23. Re3 Bc6 24. d4 Rab8 25. b3 f5 26. Re5 h5 27. Kh2 g6
28. Rc5 Bf3 29. Kg3 Bg4 30. Rxc7 h4+ 31. Kxh4 Re1 32. Bb2 Re2 33. Ba3 Rxf2 34.
Kg5 Rh2 35. d5 Rd8 36. Kf6 a5 37. Rac1 Rxa2 38. Rg7+ Kh8 39. Rh1+ Bh5 40. Rxg6
Rd7 41. Be7 Rxe7 42. Kxe7 Re2+ 43. Kf7 Re7+ 44. Kxe7 Kh7 45. Kf6 1-0

[Event "Invitation"]
[Site "http://www.queenalice.com/game.php?id=429925"]
[Date "2008.7.8"]
[Round "-"]
[White "ocbruno"]
[Black "XCchessf"]
[Result "0-1"]
[WhiteElo "1816"]
[BlackElo "1241"]

1. d4 d5 2. Bf4 Nc6 3. Nf3 Bg4 4. Nbd2 h6 5. h4 e6 6. g3 Bxf3 7. Nxf3 Nf6 8. c3
Ne4 9. Bg2 Na5 10. Ne5 Nd6 11. b4 Nac4 12. Nxc4 Nxc4 13. e4 c6 14. exd5 cxd5 15.
Bf1 Rc8 16. Bxc4 Rxc4 17. Qa4+ Qd7 18. Qxd7+ Kxd7 19. Bd2 f6 20. a4 e5 21. dxe5
fxe5 22. O-O g6 23. f4 e4 24. f5 gxf5 25. Rxf5 Ke6 26. Raf1 Bg7 27. Rf7 Rg8 28.
Rxb7 Bxc3 29. Bf4 Rxb4 30. Rc7 d4 31. Rxa7 e3 32. Ra6+ Kd5 33. Ra5+ Kc4 34. Re5
Rb2 35. Rc1 e2 36. Re4 h5 37. Kh1 Ra8 38. Be5 Kd5 39. Bxd4 Bxd4 40. Re7 Rf8 41.
Re1 Rf1+ 42. Kg2 Rxe1 43. Rd7+ Kc4 44. Kf3 Rf1+ 0-1

[Event "Let's Play Chess!"]
[Site "http://www.queenalice.com/game.php?id=436805"]
[Date "2008.7.21"]
[Round "-"]
[White "XCchessf"]
[Black "CampbellMarcel"]
[Result "1-0"]
[WhiteElo "1271"]
[BlackElo "1839"]

1. e4 e6 2. d4 d5 3. e5 Bb4+ 4. Nc3 Nd7 5. a3 Bxc3+ 6. bxc3 c5 7. Qg4 g6 8. Nf3
f5 9. Qg3 cxd4 10. cxd4 Nf8 11. Bd3 a6 12. Bg5 Qd7 13. O-O h6 14. Bd2 g5 15. Bb4
f4 16. Qh3 a5 17. Bxf8 Kxf8 18. Nxg5 b5 19. Qh4 Qg7 20. Qxf4+ Ke7 21. Nf3 Bd7
22. Rfb1 Rf8 23. Qh4+ Ke8 24. Bxb5 Bxb5 25. Rxb5 Qc7 26. Rab1 Ne7 27. Rb8+ Nc8
28. R1b7 Kd7 29. Rxc7+ Kxc7 30. Rb5 Rhg8 31. Qxh6 Re8 32. Ng5 Rh8 33. Qg7+ Ne7
34. Qf7 Rhf8 35. Nxe6+ Kd7 36. Nxf8+ Rxf8 37. Qxf8 Kc6 38. Rxa5 Kd7 39. Ra7+ Ke6
40. Qf6# 1-0

[Event "Revenge... :) 1"]
[Site "http://www.queenalice.com/game.php?id=437410"]
[Date "2008.7.22"]
[Round "-"]
[White "ocbruno"]
[Black "XCchessf"]
[Result "0-1"]
[WhiteElo "1818"]
[BlackElo "1301"]

1. e4 c5 2. Nf3 d6 3. c3 Nf6 4. d3 h6 5. h4 Nc6 6. Be3 Qb6 7. b4 Ng4 8. bxc5
dxc5 9. d4 cxd4 10. Bxd4 Nxd4 11. cxd4 e5 12. Nxe5 Nxe5 13. dxe5 Qa5+ 14. Nd2
Qxe5 15. Rb1 Bd7 16. g3 Bc6 17. Bg2 Bc5 18. O-O O-O 19. Nc4 Qc3 20. Rc1 Qxg3 21.
Qe2 Qxh4 22. Nd2 b6 23. Rc3 Rad8 24. Rh3 Qg5 25. Nf3 Qg4 26. Rh4 Qe6 27. Qc2 g5
28. Rh5 Bxe4 29. Qc1 Qg4 30. Rh3 Rd3 31. Kh2 Bd6+ 32. Rg3 Bxg3+ 33. fxg3 Bxf3
34. Bxf3 Rxf3 35. Rg1 Re8 36. Rg2 Rc8 37. Qd1 Rcc3 38. Qe1 Rfe3 39. Qf2 Qh5+ 40.
Kg1 Rc1+ 41. Qf1 Rxf1+ 42. Kxf1 Qh1+ 0-1

[Event "Revenge... :) 2"]
[Site "http://www.queenalice.com/game.php?id=437411"]
[Date "2008.7.22"]
[Round "-"]
[White "XCchessf"]
[Black "ocbruno"]
[Result "1-0"]
[WhiteElo "1331"]
[BlackElo "1874"]

1. d4 d5 2. c4 e6 3. Nc3 Nf6 4. Nf3 c6 5. e3 g6 6. Be2 Nbd7 7. a3 a5 8. Bd2 dxc4
9. Bxc4 b5 10. Be2 Bg7 11. O-O O-O 12. Qc1 Re8 13. e4 e5 14. dxe5 Nxe5 15. Bf4
Nh5 16. Bxe5 Bxe5 17. Nxe5 Rxe5 18. f4 Rc5 19. Qe3 Qe7 20. b4 Rf5 21. Bxh5 Rxh5
22. Rab1 axb4 23. axb4 Ra3 24. g3 Bh3 25. Rfe1 c5 26. Nd5 Qa7 27. Qxc5 Kg7 28.
Qxa7 Rxa7 29. e5 Ra2 30. Nf6 Rh6 31. Rbc1 g5 32. fxg5 Rg6 33. Nh5+ Kf8 34. Nf4
Rxg5 35. Nxh3 Rh5 36. Nf2 Rf5 37. Rf1 Rxe5 38. Rce1 Rf5 39. Ng4 Rh5 40. Rf2 Ra4
41. Re4 Kg7 42. Rd2 f5 43. Rd7+ Kf8 44. Rf4 Ra1+ 45. Kg2 Rg5 46. Nh6 Ke8 47.
Rxh7 Rh5 48. h4 Ra6 49. Rh8+ Ke7 50. Nxf5+ Rxf5 51. Rxf5 1-0

[Event "Challenge"]
[Site "http://www.queenalice.com/game.php?id=527781"]
[Date "2009.1.23"]
[Round "-"]
[White "XCchessf"]
[Black "lala"]
[Result "0-1"]
[WhiteElo "1347"]
[BlackElo "1432"]

1. e4 Nc6 2. d4 e6 3. c4 Nf6 4. e5 Ne4 5. a3 g6 6. Bd3 d5 7. Ne2 Bg7 8. O-O O-O
9. Nd2 Nxd4 10. Nxd4 Bxe5 11. N4f3 Bf6 0-1

[Event "roma76"]
[Site "http://www.queenalice.com/game.php?id=813916"]
[Date "2010.8.5"]
[Round "-"]
[White "XCchessf"]
[Black "spawnwolfwolverine"]
[Result "0-1"]
[WhiteElo "1361"]
[BlackElo "1734"]

1. e4 e5 2. Nf3 d6 3. Nc3 Bg4 4. Be2 Nf6 5. d3 Be7 6. O-O O-O 7. Be3 Nc6 8. Nd2
Bxe2 9. Qxe2 a6 10. Rfd1 b5 11. a3 Nd4 12. Bxd4 exd4 13. Na2 c5 14. c3 a5 15.
cxd4 a4 16. dxc5 dxc5 17. Nf3 b4 18. d4 b3 19. Nc3 cxd4 20. Rxd4 Qb6 21. Rad1
Bc5 22. R4d2 Rfe8 23. e5 Nh5 24. g3 g6 25. Rd7 f5 26. Qc4+ Kh8 27. Qf7 Re7 28.
Rxe7 Bxe7 29. Qxe7 Ng7 30. Nd5 Qe6 31. Ng5 Qxe7 32. Nxe7 h6 33. Nxg6+ Kg8 34.
Nf3 Kh7 35. Nfh4 h5 36. Nf4 Kh6 37. Rd6+ Kh7 38. e6 Nxe6 39. Rxe6 Kg7 40. Nf3
Rd8 41. Ra6 h4 42. Ne6+ Kh7 43. Nxd8 hxg3 44. Ng5+ Kg7 45. hxg3 f4 46. gxf4 Kf8
47. Ra7 Ke8 48. Nc6 Kf8 49. f5 Ke8 50. f6 Kf8 0-1

[Event "roma76"]
[Site "http://www.queenalice.com/game.php?id=813917"]
[Date "2010.8.5"]
[Round "-"]
[White "spawnwolfwolverine"]
[Black "XCchessf"]
[Result "1-0"]
[WhiteElo "1736"]
[BlackElo "1359"]

1. e4 c5 2. d3 Nc6 3. g3 d6 4. Bg2 Nf6 5. Nf3 Bg4 6. O-O g6 7. Nc3 Bg7 8. Bg5
O-O 9. h3 Bd7 10. Rb1 Re8 11. a3 Qc8 12. Bxf6 Bxf6 13. Nd5 Rb8 14. Nxf6+ exf6
15. c3 Bxh3 16. b4 Bxg2 17. Kxg2 b6 18. b5 Ne5 19. Nxe5 dxe5 20. a4 Qe6 21. c4
Re7 22. Qd2 f5 23. f3 fxe4 24. fxe4 Rd8 25. Rf3 Red7 26. Rb3 Qxc4 27. dxc4 Rxd2+
28. Kh3 R8d4 29. Ra3 Rxe4 30. a5 Rd7 31. axb6 axb6 32. Ra8+ Kg7 33. Rc3 h5 34.
Rb8 Rd6 35. Rb7 Rd2 36. Rxb6 Re1 37. g4 Rh1+ 38. Kg3 h4+ 39. Kf3 Rh3+ 40. Ke4
Rxc3 41. Kxe5 h3 42. Rd6 Rxd6 43. Kxd6 Rxc4 44. b6 h2 45. b7 h1=Q 46. b8=Q Qh2+
47. Kd5 Qxb8 48. Kxc4 Qb4+ 49. Kd5 c4 50. g5 1-0